[Event "Accession C 2015/2016"]
[Site "Aubagne"]
[Date "2015.09.26"]
[Round "1"]
[White "Muhajiz, Gibran"]
[Black "Massardo, Quentin"]
[Result "0-1"]
[WhiteElo "1861"]
[BlackElo "1872"]
[PlyCount "60"]
[EventDate "2015.??.??"]

1. e4 Nf6 2. Nc3 d5 3. e5 Ne4 4. Nf3 Bg4 5. h3 Bh5 6. Be2 e6 7. O-O Nd7 8. d4
Nxc3 9. bxc3 Be7 10. Rb1 Nb6 11. Nd2 Bxe2 12. Qxe2 O-O 13. f4 Qd7 14. c4 dxc4
15. c3 Nd5 16. Qf3 b5 17. Bb2 c5 18. Kh1 cxd4 19. cxd4 Rac8 20. Rbc1 Nb4 21. d5
Qxd5 22. Ne4 Qd3 23. Nf6+ gxf6 24. f5 Qxf3 25. Rxf3 Nd3 26. Rg3+ Kh8 27. exf6
Bd6 28. Rxd3 cxd3 29. Rxc8 Rxc8 30. fxe6 d2 0-1

[Event "Accession C 2015/2016"]
[Site "Aubagne"]
[Date "2015.09.26"]
[Round "1"]
[White "Salvi, Michel"]
[Black "Mamah, Isabelle"]
[Result "0-1"]
[WhiteElo "1701"]
[BlackElo "1819"]
[PlyCount "59"]
[EventDate "2015.??.??"]

1. e4 c5 2. Nf3 g6 3. d4 cxd4 4. Nxd4 Nf6 5. Nc3 Bg7 6. Be3 O-O 7. Be2 Nc6 8.
f3 d5 9. Nxc6 bxc6 10. e5 Nd7 11. f4 e6 12. Na4 Nxe5 13. Bd4 Nd7 14. Bxg7 Kxg7
15. Qd4+ Qf6 16. Qb4 c5 17. Qd2 c4 18. O-O-O Kg8 19. g4 Qe7 20. h4 Nc5 21. Nxc5
Qxc5 22. h5 Rb8 23. c3 Rb6 24. hxg6 fxg6 25. f5 exf5 26. Qh6 Rb7 27. gxf5 Bxf5
28. Rh4 Re7 29. Rxd5 Qf2 30. Bxc4 0-1

[Event "Accession C 2015/2016"]
[Site "Aubagne"]
[Date "2015.09.26"]
[Round "1"]
[White "Gamblin, Thibault"]
[Black "San Marco, Jean"]
[Result "0-1"]
[WhiteElo "1678"]
[BlackElo "1873"]
[PlyCount "34"]
[EventDate "2015.??.??"]

1. d4 Nf6 2. c4 c5 3. d5 b5 4. cxb5 a6 5. Nc3 d6 6. e4 g6 7. b6 Bg7 8. Qb3 Bb7
9. a4 a5 10. Nb5 Na6 11. f3 O-O 12. Na7 Nb4 13. Bc4 Nd7 14. Ne2 Qxb6 15. Nb5
Ne5 16. O-O Nbd3 17. Bxd3 c4+ 0-1

[Event "Accession C 2015/2016"]
[Site "Aubagne"]
[Date "2015.09.26"]
[Round "1"]
[White "Battaglia, Gerard"]
[Black "Tchifteyan, Philippe"]
[Result "1-0"]
[WhiteElo "1757"]
[BlackElo "1685"]
[PlyCount "113"]
[EventDate "2015.??.??"]

1. d4 d5 2. c4 c6 3. Nc3 Nf6 4. Nf3 e6 5. e3 Bd6 6. Be2 O-O 7. O-O Nbd7 8. c5
Bc7 9. b4 a6 10. Bb2 e5 11. dxe5 Nxe5 12. Qd4 Re8 13. Rad1 Bg4 14. Nxe5 Bxe5
15. Qd2 Bxe2 16. Nxe2 Ne4 17. Qc2 Qh4 18. h3 Nxf2 19. Rxf2 Bh2+ 20. Kf1 Rxe3
21. Qf5 Qe7 22. Bd4 Re4 23. g3 Re8 24. Qf3 Bxg3 25. Nxg3 Re1+ 26. Rxe1 Qxe1+
27. Kg2 f6 28. Re2 Rxe2+ 29. Qxe2 Qxe2+ 30. Nxe2 Kf7 31. Ng3 g6 32. Kf3 Ke6 33.
h4 h5 34. a3 Ke7 35. Kf4 Ke6 36. a4 Kf7 37. Nxh5 gxh5 38. Kf5 Ke7 39. Bxf6+ Kd7
40. Bd4 a5 41. bxa5 Ke7 42. Bf6+ Kf7 43. Bc3 Ke7 44. Kg5 Ke6 45. Kxh5 Kf5 46.
Kh6 Ke4 47. Kg5 d4 48. Bb4 Kd5 49. h5 Kc4 50. Be1 Kxc5 51. h6 Kc4 52. h7 Kb3
53. h8=Q c5 54. Qg7 d3 55. Qc3+ Kxa4 56. Qc4+ Ka3 57. Qxc5+ 1-0

[Event "Accession C 2015/2016"]
[Site "Aubagne"]
[Date "2015.09.26"]
[Round "1"]
[White "Cescon, Moreno"]
[Black "Israel, Daniel"]
[Result "1/2-1/2"]
[WhiteElo "1731"]
[BlackElo "1777"]
[PlyCount "45"]
[EventDate "2015.??.??"]

1. e4 e6 2. c3 d5 3. exd5 exd5 4. d4 Nf6 5. Bd3 Qd6 6. Nf3 Bg4 7. Be3 Be7 8.
O-O O-O 9. Qb3 b6 10. Nbd2 c5 11. Ne5 c4 12. Ndxc4 dxc4 13. Bxc4 Bh5 14. f4
Nfd7 15. g4 Nxe5 16. fxe5 Qg6 17. h3 Bxg4 18. hxg4 Qxg4+ 19. Kh1 Qh3+ 20. Kg1
Qg3+ 21. Kh1 Qh3+ 22. Kg1 Qg3+ 23. Kh1 1/2-1/2

[Event "Accession C 2015-2016"]
[Site "Aubagne"]
[Date "2015.10.10"]
[Round "2"]
[White "San Marco, Jean"]
[Black "Muhajiz, Gibran"]
[Result "0-1"]
[WhiteElo "1858"]
[BlackElo "1861"]
[PlyCount "78"]
[EventDate "2015.??.??"]

1. Nf3 Nf6 2. d4 g6 3. Bf4 Bg7 4. e3 O-O 5. Be2 d6 6. h3 Nfd7 7. Bg3 e5 8. dxe5
dxe5 9. Nc3 Nc6 10. O-O Kh8 11. Nd5 Ne7 12. Bh4 f6 13. e4 Nc5 14. Nc3 Be6 15.
b4 Nd7 16. Qd2 Nb6 17. Rfd1 Nc6 18. Qe3 Qe8 19. a3 f5 20. Nd5 Bxd5 21. exd5 Nd4
22. Nxd4 exd4 23. Qxe8 Raxe8 24. Bf3 d3 25. Ra2 d2 26. Rxd2 Re1+ 27. Kh2 h6 28.
Be2 g5 29. Bxg5 hxg5 30. c4 Be5+ 31. g3 f4 32. Bd3 fxg3+ 33. Kg2 gxf2 34. Rxf2
Rxf2+ 35. Rxf2 Re3 36. Rf3 Rxf3 37. Kxf3 Bb2 38. Ke4 Bxa3 39. c5 Nc8 0-1

[Event "Accession C 2015/2016"]
[Site "Aubagne"]
[Date "2015.10.10"]
[Round "2"]
[White "Massardo, Quentin"]
[Black "Cescon, Moreno"]
[Result "0-1"]
[WhiteElo "1872"]
[BlackElo "1731"]
[PlyCount "95"]
[EventDate "2015.??.??"]

1. d4 g6 2. c4 Bg7 3. Nf3 c5 4. g3 cxd4 5. Nxd4 Nc6 6. Nb5 a6 7. N5c3 Nf6 8.
Bg2 Rb8 9. Bf4 d6 10. Na3 Qb6 11. Qd2 O-O 12. O-O Be6 13. Rac1 Qd4 14. Qxd4
Nxd4 15. Rfd1 Nh5 16. Bg5 Nc6 17. b3 h6 18. Be3 f5 19. f4 Rfe8 20. Rd2 Rbc8 21.
c5 Red8 22. cxd6 Rxd6 23. Nd5 Kf7 24. Nc4 Rdd8 25. Ncb6 Rb8 26. Rcd1 Nf6 27.
Nxf6 Rxd2 28. Rxd2 Bxf6 29. Nd7 Rd8 30. Bxc6 bxc6 31. Ne5+ Ke8 32. Nxc6 Rxd2
33. Bxd2 Bd5 34. Nb4 Bb7 35. Nd3 h5 36. Nc5 Bd4+ 37. Kf1 Bxc5 38. a4 Kd7 39. e3
Bd5 40. b4 Ba7 41. Ke2 Bc4+ 42. Kf2 Kd6 43. Kg2 Kd5 44. Kh3 Ke4 45. Kh4 Kd3 46.
Be1 Kxe3 47. Kg5 Ke2 48. Bc3 0-1

[Event "Accession C 2015/2016"]
[Site "Aubagne"]
[Date "2015.10.10"]
[Round "2"]
[White "Mamah, Isabelle"]
[Black "Tchifteyan, Philippe"]
[Result "1-0"]
[WhiteElo "1793"]
[BlackElo "1685"]
[PlyCount "97"]
[EventDate "2015.??.??"]

1. e4 c5 2. Nf3 Nc6 3. c3 d6 4. d4 cxd4 5. cxd4 Bg4 6. Be2 Bxf3 7. Bxf3 e5 8.
d5 Nd4 9. Be2 f5 10. exf5 Nxf5 11. Qa4+ Kf7 12. Nc3 Nf6 13. Bg5 Be7 14. O-O Rf8
15. Bxf6 Bxf6 16. Qe4 g6 17. Rad1 Kg8 18. Rd3 Bg5 19. g3 Qb6 20. Na4 Qd8 21. h4
Nxh4 22. gxh4 Rf4 23. Qg2 Rxh4 24. Nc3 Qe7 25. Rh3 Rd4 26. Ne4 Bf4 27. Bd3 Rf8
28. Kh1 Rf7 29. Be2 Kf8 30. Rd1 Rxd1+ 31. Bxd1 Ke8 32. Qg4 Kf8 33. Qg2 Kg7 34.
Bg4 Rf8 35. Be6 Rh8 36. Qg4 h5 37. Qe2 Qc7 38. Kg2 Qe7 39. Qc2 g5 40. f3 g4 41.
fxg4 hxg4 42. Rxh8 Kxh8 43. Qc8+ Kh7 44. Qg8+ Kh6 45. Qxg4 b6 46. Kf3 Bc1 47.
b3 Ba3 48. Bf5 Qf7 49. Qg5# 1-0

[Event "Accession C 2015/2016"]
[Site "Aubagne"]
[Date "2015.10.10"]
[Round "2"]
[White "Israel, Daniel"]
[Black "Battaglia, Gerard"]
[Result "1/2-1/2"]
[WhiteElo "1777"]
[BlackElo "1757"]
[PlyCount "140"]
[EventDate "2015.??.??"]

1. e4 e6 2. d4 d5 3. Nc3 Nf6 4. Bg5 Bb4 5. e5 h6 6. Bd2 Bxc3 7. bxc3 Ne4 8. Qg4
Kf8 9. Nf3 Nxd2 10. Nxd2 c5 11. Nb3 c4 12. Nd2 Qa5 13. Qg3 b5 14. Be2 Nd7 15.
O-O Nb6 16. f4 Na4 17. Rf3 Qb6 18. Qf2 a5 19. Rb1 Qa6 20. Nf1 Rb8 21. Qh4 Ke8
22. Ng3 Qa7 23. Kh1 Qe7 24. Qg4 g6 25. h4 h5 26. Qg5 Qxg5 27. fxg5 Rb7 28. a3
Bd7 29. Bxc4 dxc4 30. Ne4 Kf8 31. Nd6 Bc6 32. Nxb7 Bxf3 33. gxf3 Nxc3 34. Rb2
Ke7 35. Nd6 a4 36. Rb4 Rd8 37. Kg2 Rxd6 38. exd6+ Kxd6 39. Kf2 Kc6 40. f4 Nd5
41. Rb1 Nxf4 42. Kf3 Nd5 43. Rf1 b4 44. axb4 Nxb4 45. Ra1 Kb5 46. c3 Nd5 47.
Ra3 Nxc3 48. Rxc3 Kb4 49. Rc1 a3 50. Ke3 a2 51. Kd2 Kb3 52. Ra1 c3+ 53. Kc1 c2
54. Rxa2 Kxa2 55. Kxc2 Ka3 56. Kc3 Ka4 57. Kc4 Ka5 58. d5 Kb6 59. dxe6 fxe6 60.
Kd4 Kc6 61. Ke5 Kd7 62. Kf6 e5 63. Kxg6 e4 64. Kxh5 e3 65. g6 e2 66. g7 e1=Q
67. g8=Q Qe8+ 68. Qxe8+ Kxe8 69. Kg6 Kf8 70. Kh7 Kf7 1/2-1/2

[Event "Accession C 2015-2016"]
[Site "Aubagne"]
[Date "2015.11.07"]
[Round "3"]
[White "Cescon, Moreno"]
[Black "San Marco, Jean"]
[Result "0-1"]
[WhiteElo "1731"]
[BlackElo "1858"]
[PlyCount "115"]
[EventDate "2015.??.??"]

1. e4 c5 2. c3 d6 3. d4 Nf6 4. Bd3 cxd4 5. cxd4 g6 6. Nf3 Bg4 7. h3 Bxf3 8.
Qxf3 Nc6 9. Be3 Bg7 10. Nc3 O-O 11. a3 Nd7 12. Ne2 Nde5 13. dxe5 Nxe5 14. Qg3
Nxd3+ 15. Kd2 Nc5 16. Bxc5 dxc5+ 17. Qd3 Qb6 18. Qc2 Bxb2 19. Rab1 Qa5+ 20. Ke3
Qxa3+ 21. Kf4 Bf6 22. Rb3 Qa4 23. Rc1 b6 24. Nc3 Bxc3 25. Qxc3 f5 26. Qc4+ Qxc4
27. Rxc4 fxe4+ 28. Kxe4 Rxf2 29. Ra4 Rxg2 30. Rxb6 Re2+ 31. Kf3 Rf8+ 32. Kxe2
axb6 33. Ra7 Rb8 34. Rxe7 b5 35. Rc7 b4 36. Rxc5 b3 37. Rc1 b2 38. Rb1 Kf7 39.
Kd2 Kf6 40. Kc2 Kg5 41. Rg1+ Kh4 42. Kb1 Kxh3 43. Rh1+ Kg3 44. Rxh7 g5 45. Rd7
Rb3 46. Rd1 g4 47. Rg1+ Kf3 48. Rf1+ Kg2 49. Rd1 g3 50. Rd8 Kf2 51. Rd2+ Ke3
52. Rc2 Kf3 53. Rc8 g2 54. Rf8+ Ke2 55. Rg8 Kf2 56. Rf8+ Rf3 57. Re8 g1=Q+ 58.
Ka2 0-1

[Event "Accession C 2015-2016"]
[Site "Aubagne"]
[Date "2015.11.07"]
[Round "3"]
[White "Battaglia, Gerard"]
[Black "Massardo, Quentin"]
[Result "0-1"]
[WhiteElo "1757"]
[BlackElo "1872"]
[PlyCount "64"]
[EventDate "2015.??.??"]

1. d4 Nf6 2. c4 c5 3. d5 e6 4. Nc3 exd5 5. cxd5 d6 6. e4 g6 7. f4 Bg7 8. Nf3
O-O 9. Bd3 Re8 10. O-O Qb6 11. Kh1 Ng4 12. Qc2 Nd7 13. h3 Ngf6 14. a4 a6 15.
Be3 Qb4 16. Na2 Qa5 17. Bd2 Qc7 18. Rae1 b5 19. axb5 axb5 20. Nb4 c4 21. e5
dxe5 22. fxe5 Nh5 23. d6 Ng3+ 24. Kg1 Qc5+ 25. Rf2 cxd3 26. Qxd3 Nxe5 27. Nxe5
Rxe5 28. Rc1 Ne2+ 29. Qxe2 Rxe2 30. Rxc5 Bd4 31. Rd5 Rxd2 32. Kf1 Ra1# 0-1

[Event "Accession C 2015-2016"]
[Site "Aubagne"]
[Date "2015.11.07"]
[Round "3"]
[White "Gamblin, Thibault"]
[Black "Mamah, Isabelle"]
[Result "1/2-1/2"]
[WhiteElo "1708"]
[BlackElo "1796"]
[PlyCount "110"]
[EventDate "2015.??.??"]

1. Nf3 Nf6 2. c4 g6 3. g3 Bg7 4. Bg2 O-O 5. O-O c5 6. Nc3 Nc6 7. e3 d6 8. b3
Ne4 9. Bb2 Nxc3 10. Bxc3 Bxc3 11. dxc3 Bg4 12. Qd2 Qc7 13. Ne1 Rad8 14. Nd3 e5
15. f4 Bf5 16. e4 Bc8 17. f5 f6 18. fxg6 hxg6 19. Qh6 Qh7 20. Qxh7+ Kxh7 21.
Rf2 Kg7 22. Raf1 b6 23. Ne1 g5 24. Nc2 Ne7 25. Ne3 Be6 26. Rd1 Rd7 27. Nf5+
Bxf5 28. exf5 Kf7 29. Rfd2 Rfd8 30. g4 a6 31. Rd3 Kg7 32. b4 Kf7 33. a4 a5 34.
b5 d5 35. Bxd5+ Kg7 36. Kf2 Ng8 37. Ke2 Nh6 38. h3 Rd6 39. R1d2 Kf8 40. Be6
Rxd3 41. Rxd3 Rxd3 42. Kxd3 Ke7 43. Ke4 Kd6 44. Kf3 Ke7 45. Kg3 Nf7 46. Bxf7
Kxf7 47. h4 gxh4+ 48. Kxh4 Kg7 49. g5 fxg5+ 50. Kxg5 Kf7 51. f6 e4 52. Kf4 Kxf6
53. Kxe4 Ke6 54. Kf4 Kf6 55. Kg4 Kg6 1/2-1/2

[Event "Accession C 2015/2016"]
[Site "Aubagne"]
[Date "2015.11.07"]
[Round "3"]
[White "Tchifteyan, Philippe"]
[Black "Israel, Daniel"]
[Result "0-1"]
[WhiteElo "1685"]
[BlackElo "1777"]
[PlyCount "88"]
[EventDate "2015.??.??"]

1. e4 c5 2. c3 d6 3. Nf3 Nc6 4. Bb5 Bd7 5. d3 g6 6. Be3 Bg7 7. Nbd2 Nf6 8. O-O
Ng4 9. Rb1 O-O 10. Bc4 Nxe3 11. fxe3 e6 12. d4 b6 13. Bd3 Bc8 14. Qe1 Qc7 15.
Qh4 e5 16. d5 Ne7 17. Ng5 h6 18. Nh3 Qd7 19. Nf2 f5 20. h3 Qe8 21. g4 f4 22.
Nd1 g5 23. Qe1 h5 24. Be2 hxg4 25. Bxg4 Bxg4 26. hxg4 Qd7 27. Qe2 Ng6 28. Nf2
Nh4 29. Kh2 Rf7 30. Nf3 Nxf3+ 31. Qxf3 Raf8 32. Kg2 fxe3 33. Qxe3 Rf4 34. Rbd1
Rxf2+ 35. Rxf2 Qxg4+ 36. Qg3 Rxf2+ 37. Kxf2 Qxd1 38. Qxg5 Qc2+ 39. Kf1 Qd3+ 40.
Kg1 Qxe4 41. Qd2 Qg4+ 42. Kh1 e4 43. c4 Qh3+ 44. Kg1 Bd4+ 0-1

[Event "Accession C 2015-2016"]
[Site "Aubagne"]
[Date "2015.11.07"]
[Round "3"]
[White "Muhajiz, Gibran"]
[Black "Salvi, Michel"]
[Result "1/2-1/2"]
[WhiteElo "1832"]
[BlackElo "1706"]
[PlyCount "119"]
[EventDate "2015.??.??"]

1. e4 c5 2. Nf3 d6 3. d4 cxd4 4. Qxd4 e5 5. Qd1 Be7 6. Nc3 Nf6 7. Bg5 Nbd7 8.
Bb5 O-O 9. Qe2 a6 10. Bxf6 Nxf6 11. Bc4 b5 12. Bb3 Bb7 13. O-O b4 14. Nd5 Nxd5
15. Bxd5 Bxd5 16. exd5 Qa5 17. Rfd1 Rac8 18. a3 bxa3 19. Rxa3 Qb6 20. c3 a5 21.
Rda1 Rc5 22. c4 Bf6 23. R1a2 Qb4 24. Ra4 Qb6 25. Nd2 Bd8 26. Qe3 Qc7 27. Qc3
Qc8 28. Ne4 Qf5 29. f3 Bb6 30. Nxc5 Bxc5+ 31. Kf1 Qb1+ 32. Ke2 Bb4 33. Rxb4
axb4 34. Qb3 e4 35. fxe4 Qxe4+ 36. Kf1 Re8 37. Ra1 Qe2+ 38. Kg1 Qd2 39. Rf1 Re2
40. Qf3 f5 41. Ra1 Re1+ 42. Rxe1 Qxe1+ 43. Qf1 Qe3+ 44. Kh1 g6 45. h3 Kg7 46.
Qg1 Qxg1+ 47. Kxg1 Kf6 48. Kf2 g5 49. g3 h5 50. Kf3 Ke5 51. b3 Kd4 52. h4 gxh4
53. gxh4 Ke5 54. Ke3 Kf6 55. Kf4 Kg6 56. Ke3 Kf6 57. Kd4 Ke7 58. Ke3 Kf7 59.
Kd4 Ke7 60. Ke3 1/2-1/2

[Event "Accession C 2015-2016"]
[Site "Aubagne"]
[Date "2015.11.21"]
[Round "4"]
[White "Gamblin, Thibault"]
[Black "Muhajiz, Gibran"]
[Result "0-1"]
[WhiteElo "1708"]
[BlackElo "1842"]
[PlyCount "82"]
[EventDate "2015.??.??"]

1. d4 Nf6 2. c4 c5 3. d5 e6 4. Nc3 exd5 5. cxd5 d6 6. e4 g6 7. Nf3 Bg7 8. Bb5+
Bd7 9. Qb3 O-O 10. Bf4 Re8 11. Nd2 a6 12. Be2 b5 13. f3 Qb6 14. a4 Nh5 15. Bg5
b4 16. Nc4 Qc7 17. Nd1 f5 18. Nf2 f4 19. Nd3 Rf8 20. Be7 Bxa4 21. Rxa4 Qxe7 22.
Nb6 Ra7 23. Nf2 Bd4 24. Qa2 Qh4 25. Rf1 Qxh2 26. Ng4 Qxg2 27. Bxa6 Ng3 28. Bc4
Rxa4 29. Qxa4 Nxf1 30. Bxf1 Qxf3 31. Be2 Qg3+ 32. Kd2 f3 33. Bxf3 Qxf3 34. Nd7
Qxg4 35. Nxf8 Qf4+ 36. Kd3 Qxf8 37. Qa7 Qf3+ 38. Kd2 Be3+ 39. Kd3 c4+ 40. Kc2
Bxa7 41. e5 Qd3+ 0-1

[Event "Accession C 2015-2016"]
[Site "Aubagne"]
[Date "2015.11.21"]
[Round "4"]
[White "Massardo, Quentin"]
[Black "Tchifteyan, Philippe"]
[Result "1-0"]
[WhiteElo "1872"]
[BlackElo "1685"]
[PlyCount "79"]
[EventDate "2015.??.??"]

1. d4 d5 2. c4 c6 3. Nf3 Nf6 4. g3 Ne4 5. Bg2 f5 6. O-O h6 7. Nc3 g5 8. cxd5
cxd5 9. Ne5 Nd7 10. Ng6 Rg8 11. Nxf8 Nxf8 12. Nxe4 dxe4 13. Qa4+ Bd7 14. Qb3
Rg6 15. Qxb7 Bc6 16. Qb4 Rb8 17. Qc5 Rb5 18. Qc3 g4 19. a4 Ra5 20. Bd2 Rd5 21.
e3 Qd7 22. Rfc1 Kf7 23. Bf1 Rdd6 24. Qa5 Kf6 25. Qe5+ Kg5 26. Bb4 Rge6 27. Qg7+
Ng6 28. Bxd6 Rxd6 29. b3 Qe8 30. Bc4 Bd5 31. Bxd5 Rxd5 32. Rc5 Rd6 33. Rac1 Qb8
34. Qf7 Rf6 35. Qc4 Qh8 36. Rc8 Qh7 37. Qg8 Rf7 38. R1c5 Rg7 39. Qxh7 Rxh7 40.
Rg8 1-0

[Event "Accession C 2015-2016"]
[Site "Aubagne"]
[Date "2015.11.21"]
[Round "4"]
[White "Mamah, Isabelle"]
[Black "Israel, Daniel"]
[Result "0-1"]
[WhiteElo "1796"]
[BlackElo "1777"]
[PlyCount "170"]
[EventDate "2015.??.??"]

1. e4 c5 2. Nf3 d6 3. c3 Nc6 4. d4 cxd4 5. cxd4 e6 6. Nc3 Nf6 7. Bd3 g6 8. Bg5
Be7 9. O-O Qa5 10. Nb5 Qd8 11. Qd2 a6 12. Nc3 O-O 13. h3 b5 14. a3 Na5 15. Rad1
Bb7 16. Qe2 Rc8 17. Bh6 Re8 18. e5 Nd5 19. Ne4 f6 20. exf6 Nxf6 21. Neg5 Bd5
22. Rfe1 Bf8 23. Bxf8 Kxf8 24. Qd2 Kg7 25. Qf4 Qd7 26. Nd2 Rf8 27. Qg3 Nh5 28.
Qe3 Rce8 29. Nde4 Nc4 30. Bxc4 bxc4 31. Qc3 h6 32. Nf3 Qc6 33. Nfd2 Kh7 34. f3
Nf4 35. Nf2 Rb8 36. Rb1 Rfc8 37. Qe3 Rf8 38. Nde4 Rb3 39. Nc3 Qb7 40. Qd2 Bxf3
41. gxf3 Qxf3 42. Nfe4 Nxh3+ 43. Kh2 Qh5 44. Ng3 Qh4 45. Kh1 Qxg3 46. Qg2 Qh4
47. Rf1 Ng5+ 48. Qh2 Rxf1+ 49. Rxf1 Qxh2+ 50. Kxh2 Rxb2+ 51. Kh1 Rb3 52. Rc1
Nf3 53. Ne2 Rb2 54. Rf1 Ng5 55. Re1 Kg7 56. Nf4 c3 57. Nd3 Rd2 58. Nc1 Rh2+ 59.
Kxh2 Nf3+ 60. Kg3 Nxe1 61. a4 Kf6 62. Kf2 Nc2 63. Ne2 g5 64. Nxc3 Nxd4 65. Ke3
Ke5 66. Nd1 d5 67. Nf2 Nf5+ 68. Kf3 h5 69. Nd3+ Kd4 70. Nb4 a5 71. Nc6+ Kc5 72.
Nxa5 Kb4 73. Nb7 e5 74. a5 g4+ 75. Kg2 Kb5 76. Nd8 d4 77. a6 Kxa6 78. Nc6 e4
79. Ne5 d3 80. Nd7 d2 81. Nc5+ Kb6 82. Na4+ Ka5 83. Nb2 e3 84. Kf1 Ng3+ 85. Kg2
e2 0-1

[Event "Accession C 2015-2016"]
[Site "Aubagne"]
[Date "2015.11.21"]
[Round "4"]
[White "San Marco, Jean"]
[Black "Battaglia, Gerard"]
[Result "1-0"]
[WhiteElo "1858"]
[BlackElo "1757"]
[PlyCount "36"]
[EventDate "2015.??.??"]

1. b3 c5 2. Bb2 Nc6 3. f4 d5 4. e3 e6 5. Nf3 Nf6 6. Bb5 Bd6 7. Ne5 Qc7 {
0� (+)0  0� (+)0} 8. Bxc6+ bxc6 9. d3 a5 10. a4 Ba6 11. Nd2 Rb8 12. Bc3 {
Ne8  Qe1  f6} Ng4 {
Qd8  Rf3  h5  Nf2  Bc7  Rh3  g6  g4  Ng7  gxh5  gxh5  Nf3  Bc8  Rg3  Kf7} 13.
Qe2 {Nf5} Nxe5 14. fxe5 {Qxh5+} Ke7 {Rg6  Qe8  Qg5+  Kd7  Ng4  Bd8  Nxe5+  Kc7}
15. Bxa5 {Kb7  Bxd8} Qd8 {Qxd8  Rxd8} 16. Kf2 {Rh8  Rg2  Kc7  a5} Ra8 17. e4 {
Ne7  Rg7} Re8 18. h4 {Ra6} h5 {
Kb8  h6  Ng8  h7  Nf6  Rh1  Rh8  Rh6  Rxh7  Rhxh7  Nxh7  Rxh7  Bb7  Nd7+} 1-0

[Event "Accession C 2015/2016"]
[Site "Aubagne"]
[Date "2015.04.10"]
[Round "5"]
[White "Tchifteyan, Philippe"]
[Black "San Marco, Jean"]
[Result "0-1"]
[WhiteElo "1685"]
[BlackElo "1858"]
[PlyCount "90"]
[EventDate "2015.??.??"]

1. d4 Nf6 2. c4 c5 3. d5 b5 4. b3 g6 5. Bb2 Bg7 6. Qc2 d6 7. Nd2 O-O 8. e4 bxc4
9. Nxc4 Bb7 10. f3 e6 11. dxe6 fxe6 12. e5 dxe5 13. Nxe5 Nd5 14. Nc4 Nb4 15.
Qf2 Bxb2 16. Qxb2 N8c6 17. Nh3 Nd4 18. O-O-O Qc7 19. Kb1 Rad8 20. Nf2 Qf4 21.
Qc3 Nb5 22. Qc1 Qf5+ 23. Ka1 Rxd1 24. Nxd1 Rd8 25. Nde3 Qf4 26. Be2 Nd4 27. Bd1
Qf6 28. Kb1 Nd3 29. Qa3 Nb5 30. Qa5 Nc3+ 31. Kc2 Nb4+ 32. Kc1 Ncxa2+ 33. Kb1
Nc3+ 34. Kc1 Nba2+ 35. Kb2 Nxd1+ 36. Kxa2 Nxe3 37. Nxe3 Rd3 38. Qxc5 Rd2+ 39.
Ka3 Qb2+ 40. Kb4 Rd4+ 41. Nc4 a5+ 42. Ka4 Qa2+ 43. Qa3 Rxc4+ 44. Kb5 Qxa3 45.
bxc4 Qb4# 0-1

[Event "Accession C 2015/2016"]
[Site "Aubagne"]
[Date "2015.12.12"]
[Round "5"]
[White "Battaglia, Gerard"]
[Black "Salvi, Michel"]
[Result "1-0"]
[WhiteElo "1757"]
[BlackElo "1718"]
[PlyCount "49"]
[EventDate "2015.??.??"]

1. d4 f5 2. Bg5 h6 3. Bf4 Nf6 4. e3 d6 5. Bd3 g6 6. Nd2 Bg7 7. h3 O-O 8. Ngf3
Qe8 9. c3 Be6 10. O-O Bf7 11. e4 g5 12. Bxg5 hxg5 13. Nxg5 Bh5 14. Qb3+ Bf7 15.
Nxf7 Rxf7 16. Bc4 d5 17. exd5 Bh6 18. Nf3 Rg7 19. d6+ Kh7 20. Qxb7 Nbd7 21.
dxc7 e6 22. Bxe6 Nb6 23. Bxf5+ Kh8 24. Rfe1 Qh5 25. Qxa8+ 1-0

[Event "Accession C 2015-2016"]
[Site "Aubagne"]
[Date "2016.01.16"]
[Round "6"]
[White "Gamblin, Thibault"]
[Black "Battaglia, Gerard"]
[Result "1/2-1/2"]
[WhiteElo "1680"]
[BlackElo "1765"]
[PlyCount "53"]
[EventDate "2016.??.??"]

1. b3 e5 2. Bb2 d6 3. e3 Nf6 4. Nf3 Be7 5. c4 O-O 6. d4 e4 7. Nfd2 c6 8. d5 Bf5
9. Nc3 Na6 10. Be2 Nc7 11. Nf1 Re8 12. Ng3 Bg6 13. O-O Rb8 14. Bg4 Nxg4 15.
Qxg4 Bf6 16. dxc6 bxc6 17. Rab1 Qe7 18. Nce2 Bxb2 19. Rxb2 f5 20. Nxf5 Qe5 21.
Ned4 c5 22. Rd2 cxd4 23. Nxd4 Qc5 24. h4 Rf8 25. Ne6 Nxe6 26. Qxe6+ Kh8 27.
Qxd6 1/2-1/2

[Event "Accession C 2015-2016"]
[Site "Aubagne"]
[Date "2016.01.16"]
[Round "6"]
[White "Salvi, Michel"]
[Black "Tchifteyan, Philippe"]
[Result "1-0"]
[WhiteElo "1669"]
[BlackElo "1665"]
[PlyCount "85"]
[EventDate "2016.??.??"]

1. e4 c5 2. Nf3 Nc6 3. Bb5 d6 4. Nc3 Nf6 5. h3 Bd7 6. Bxc6 Bxc6 7. d3 e6 8. O-O
Be7 9. Re1 e5 10. Ne2 Nh5 11. c3 g5 12. Nh2 Nf4 13. Ng3 h5 14. Nf5 Qd7 15. Bxf4
gxf4 16. Ng7+ Kd8 17. d4 Kc7 18. dxe5 dxe5 19. Qb3 Raf8 20. Rad1 Qc8 21. Nf5
Qe8 22. Nf3 Ba4 23. Qa3 Bxd1 24. Rxd1 f6 25. Qxa7 Rf7 26. Rd5 Qa8 27. Qxa8 Rxa8
28. a3 b6 29. N3h4 Rd8 30. c4 Bf8 31. Ng6 Rfd7 32. Kf1 Bd6 33. Ke2 Kc6 34. b3
Rg8 35. Rxd6+ Kc7 36. Rxd7+ Kxd7 37. Nge7 Rxg2 38. Nd5 Kc6 39. Kf1 Rg5 40. Nxf6
b5 41. h4 Rxf5 42. exf5 bxc4 43. bxc4 1-0

[Event "Accession C 2015-2016"]
[Site "Aubagne"]
[Date "2016.01.16"]
[Round "6"]
[White "Mamah, Isabelle"]
[Black "Massardo, Quentin"]
[Result "1/2-1/2"]
[WhiteElo "1826"]
[BlackElo "1864"]
[PlyCount "98"]
[EventDate "2016.??.??"]

1. e4 Nf6 2. e5 Nd5 3. d4 d6 4. c4 Nb6 5. exd6 cxd6 6. Nc3 g6 7. Be3 Bg7 8. Rc1
Bf5 9. b3 Nc6 10. Be2 O-O 11. Nf3 Nd7 12. Nh4 Nf6 13. Nxf5 gxf5 14. h3 d5 15.
O-O e6 16. cxd5 Nxd5 17. Nxd5 Qxd5 18. Bf3 Qd7 19. d5 Ne5 20. dxe6 Nxf3+ 21.
Qxf3 fxe6 22. Rfd1 Qf7 23. Bc5 Rfe8 24. Qg3 e5 25. Ba3 Re6 26. Qd3 Ra6 27. Qd8+
Rxd8 28. Rxd8+ Bf8 29. Rxf8+ Qxf8 30. Bxf8 Kxf8 31. Rc8+ Kf7 32. Rc7+ Kg6 33.
Rxb7 Rxa2 34. f3 h5 35. h4 e4 36. fxe4 fxe4 37. Rb5 Rb2 38. Rg5+ Kf6 39. Rxh5
e3 40. Kf1 Rf2+ 41. Ke1 Rxg2 42. Ra5 Rg7 43. Ke2 Re7 44. Rd5 Re4 45. h5 Rh4 46.
h6 Kg6 47. Rd6+ Kh7 48. Rd7+ Kxh6 49. Rxa7 Rh2+ 1/2-1/2

[Event "Accession C 2015-2016"]
[Site "Aubagne"]
[Date "2016.01.16"]
[Round "6"]
[White "Muhajiz, Gibran"]
[Black "Cescon, Moreno"]
[Result "0-1"]
[WhiteElo "1807"]
[BlackElo "1748"]
[PlyCount "144"]
[EventDate "2016.??.??"]

1. e4 e5 2. Nf3 Nc6 3. Bc4 Bc5 4. O-O Nf6 5. d4 Nxd4 6. Nxe5 O-O 7. Be3 Ne6 8.
Bxe6 fxe6 9. Bxc5 d6 10. Ba3 dxe5 11. Bxf8 Qxd1 12. Rxd1 Kxf8 13. Nc3 Bd7 14.
a4 Ke7 15. f3 a6 16. b4 g5 17. b5 g4 18. Kf2 gxf3 19. gxf3 Rf8 20. Ke3 Kd8 21.
bxa6 bxa6 22. Rab1 Kc8 23. Rb4 Bc6 24. Rc4 Bb7 25. Rg1 Rf7 26. Rc5 Kd7 27. Rxe5
Kd6 28. Rd1+ Nd5+ 29. Kd4 Nxc3 30. Rd2 Nxa4 31. Ra5 Nb6 32. c4 c5+ 33. Kc3+ Kc6
34. Rd3 Nd7 35. Re3 Ne5 36. Ra1 Rxf3 37. Rxf3 Nxf3 38. Rf1 Nxh2 39. Rh1 Ng4 40.
Rxh7 Ne5 41. Re7 Bc8 42. Re8 Kd7 43. Rh8 a5 44. Rh7+ Kd6 45. Rh1 a4 46. Rd1+
Kc7 47. Rh1 Bb7 48. Rh7+ Kc6 49. Re7 Bc8 50. Ra7 Bb7 51. Rxa4 Kb6 52. Ra1 Ba6
53. Rh1 Kc6 54. Rh8 Nxc4 55. Re8 Kd7 56. Ra8 Bb5 57. Rb8 Kc6 58. Rc8+ Kb6 59.
Rb8+ Ka5 60. Ra8+ Ba6 61. Re8 e5 62. Re6 Kb5 63. Re7 Bc8 64. Re8 Bd7 65. Rb8+
Nb6 66. Rg8 Na4+ 67. Kd3 c4+ 68. Ke3 Kc5 69. Ra8 c3 70. Ra7 Bc6 71. Kd3 Kb4 72.
Rc7 Nc5+ 0-1

[Event "Accession C 2015-2016"]
[Site "Aubagne"]
[Date "2016.01.16"]
[Round "6"]
[White "San Marco, Jean"]
[Black "Israel, Daniel"]
[Result "0-1"]
[WhiteElo "1869"]
[BlackElo "1789"]
[PlyCount "100"]
[EventDate "2016.??.??"]

1. d4 g6 2. Bf4 Nf6 3. Nf3 d6 4. h3 Bg7 5. e3 O-O 6. Nbd2 Nbd7 7. Be2 c5 8. c3
a6 9. O-O b5 10. a4 Rb8 11. axb5 axb5 12. dxc5 Nxc5 13. Bh2 Bd7 14. Nd4 Qb6 15.
c4 b4 16. Nb5 Ra8 17. Bf3 Rxa1 18. Qxa1 Bxb5 19. cxb5 Qxb5 20. Qa7 Nfd7 21. b3
Qa6 22. Qxa6 Nxa6 23. Bc6 Ndc5 24. Bb5 Nc7 25. Bc4 Rc8 26. e4 Bc3 27. Rd1 Ra8
28. f3 Ra2 29. Nb1 Bf6 30. Bf4 Rb2 31. Nd2 Bc3 32. Be3 N7e6 33. Bd5 Bxd2 34.
Rxd2 Rb1+ 35. Kf2 Nxb3 36. Ra2 Kg7 37. Ra7 Kf6 38. f4 Nbc5 39. g4 h6 40. h4
Nd3+ 41. Kf3 b3 42. g5+ hxg5 43. hxg5+ Kg7 44. Bxe6 fxe6 45. Rxe7+ Kf8 46. Rb7
b2 47. Rb8+ Kf7 48. Rb7+ Ke8 49. Rb8+ Kd7 50. Bb6 Rf1+ 0-1